| 000 | 01710nam a2200337 a 4500 | ||
|---|---|---|---|
| 003 | OSt | ||
| 005 | 20250625102935.0 | ||
| 007 | cr ||||||a|a|a | ||
| 008 | 250618s2025 mx a|||fom||| 001 0 spa d | ||
| 040 | _erda | ||
| 100 | 1 |
_aOcampo Barradas, Guadalupe _9190485 |
|
| 245 | 1 | 0 |
_a Valor nutritivo de la alfalfa (Medicago sativa L.) variedad premium en la estación otoño-invierno 2022/ _cpor Guadalupe Ocampo Barradas y Karla Naomi Rodríguez Balcazar; director de tesis Sergio Ibán Méndoza Pedroza; secretario Perpetuo Álvarez Vázquez; vocal Eliseo Sosa Montes; suplente Jesus Miguel Calzada Marín; suplente Benito Bello Olivera. |
| 264 | 1 |
_aChapingo, México : _bEl autor, _c2024. |
|
| 300 |
_a1 recurso en línea (43 páginas): _bcuadros, figuras. |
||
| 336 |
_2rdacontent _atexto _btxt |
||
| 337 |
_2rdamedia _acomputadora _bc |
||
| 338 |
_2rdacarrier _arecurso en línea _bcr |
||
| 502 |
_bIAEZ _cZootecnía _d2024. _gLIC |
||
| 504 | _aIncluye referencias bibliográficas: páginas 29-32. | ||
| 650 | 4 |
_aAlfalfa _xValor nutritivo _93892 |
|
| 650 | 4 |
_aAlfalfa _xFisiología y morfología _93865 |
|
| 650 | 4 |
_aAlfalfa _xVariedades _93893 |
|
| 700 | 1 |
_aRodríguez Balcázar, Karla Naomi _9190486 |
|
| 700 | 1 |
_aMendoza Pedroza, Sergio Ibán _edirector de tesis. _974719 |
|
| 700 | 1 |
_aAlvarez Vázquez, Perpetuo _95000 _esecretario. |
|
| 700 | 1 |
_aSosa Montes, Eliseo _9108816 _evocal. |
|
| 700 | 1 |
_aCalzada Marín, Jesús Miguel _917637 _esuplente. |
|
| 700 | 1 |
_aBello Olivera, Benito _esuplente. _9128794 |
|
| 856 |
_uhttp://10.13.5.2/tesis/tl/1611717-2_1612110-8_OCAMPO_BARRADAS_GUADALUPE_Y_RODRIGUEZ_BALCAZAR_KARLANAOMI.pdf _zDESCARGAR PDF |
||
| 942 |
_2Clasificación Universidad Autónoma Chapingo _cTD |
||
| 999 |
_c220642 _d220642 |
||